[Event "SPICE Cup Open 2016"]
[Site "Saint Louis USA"]
[Date "2016.10.18"]
[Round "3.9"]
[White "Liang, Awonder"]
[Black "Kavutskiy, Konstantin"]
[Result "1/2-1/2"]
[WhiteTitle "IM"]
[BlackTitle "FM"]
[WhiteElo "2478"]
[BlackElo "2332"]
[WhiteFideId "2056437"]
[BlackFideId "2026384"]
[EventDate "2016.10.17"]
[EventType "swiss"]

1. Nf3 Nf6 2. g3 g6 3. Bg2 Bg7 4. O-O O-O 5. c4 d6 6. Nc3 Nc6 7. d3 e5 8. Rb1 a5
9. a3 h6 10. Nd2 Ne7 11. e4 c6 12. Nf3 Nh7 13. d4 f5 14. dxe5 dxe5 15. Qxd8 Rxd8
16. Be3 Be6 17. b3 Nf8 18. Na4 Nd7 19. Nh4 f4 20. gxf4 exf4 21. Bxf4 b5 22. Nb2
Nc5 23. cxb5 Bxb2 24. b4 axb4 25. axb4 Nd3 26. Bxh6 cxb5 27. Bg5 Re8 28. e5 Rac8
29. Be4 Nxf2 30. Kxf2 Bxe5 31. Nf3 Bb8 32. Rfe1 Nf5 33. Rbd1 Rf8 34. Bb7 Rc2+
35. Rd2 Rxd2+ 36. Bxd2 Bc4 37. Kg2 1/2-1/2

[Event "SPICE Cup Open 2016"]
[Site "Saint Louis USA"]
[Date "2016.10.18"]
[Round "3.10"]
[White "Voelker, James"]
[Black "Brown, Michael William"]
[Result "0-1"]
[BlackTitle "IM"]
[WhiteElo "2112"]
[BlackElo "2431"]
[WhiteFideId "2018853"]
[BlackFideId "2037602"]
[EventDate "2016.10.17"]
[EventType "swiss"]

1. e4 e5 2. Nf3 Nc6 3. Bc4 Bc5 4. b4 Bxb4 5. c3 Be7 6. d4 Na5 7. Bd3 d6 8. dxe5
dxe5 9. Nxe5 Nf6 10. O-O O-O 11. Qc2 c6 12. Nd2 Qc7 13. Nef3 h6 14. h3 Nd7 15.
Re1 Re8 16. Nc4 Nc5 17. Bf1 Nxc4 18. Bxc4 b5 19. Bf1 a5 20. Rb1 Bf8 21. a3 Rb8
22. Bd2 Ne6 23. Bc1 Bd7 24. e5 c5 25. Nh4 c4 26. f4 Nc5 27. Kh1 Rbd8 28. Nf3 a4
29. Bb2 Qb7 30. Qf2 Bf5 31. Ra1 Bd3 32. Nd4 Bxf1 33. Rxf1 Nd3 34. Qe2 Bc5 35.
Nf3 Nxf4 36. Qc2 Rd3 37. Kh2 Nd5 38. Rfe1 Ne3 39. Qe2 Nxg2 40. Kxg2 Rxe5 0-1

[Event "SPICE Cup Open 2016"]
[Site "Saint Louis USA"]
[Date "2016.10.18"]
[Round "3.11"]
[White "Kaliksteyn, Alexander"]
[Black "Betaneli, Alexander"]
[Result "1-0"]
[WhiteTitle "FM"]
[BlackTitle "FM"]
[WhiteElo "2412"]
[BlackElo "2259"]
[WhiteFideId "2007630"]
[BlackFideId "2012359"]
[EventDate "2016.10.17"]
[EventType "swiss"]

1. d4 d5 2. Bf4 Nf6 3. e3 c5 4. c3 Nc6 5. Nd2 Bf5 6. Qb3 Qd7 7. dxc5 e5 8. Bg3
Bxc5 9. Ngf3 e4 10. Nd4 Bxd4 11. cxd4 O-O 12. Bb5 a6 13. Be2 b5 14. a4 Na5 15.
Qc3 Nc4 16. b3 Nxd2 17. Qxd2 Bg4 18. Bxg4 Nxg4 19. O-O Rfc8 20. Qa5 Qc6 21. h3
Nf6 22. Kh2 bxa4 23. bxa4 Nh5 24. Be5 f6 25. Rfc1 Qd7 26. Bc7 f5 27. Rc5 Nf6 28.
Rac1 Ra7 29. Be5 Rd8 30. Rc7 Rxc7 31. Rxc7 Qe6 32. Rxg7+ Kxg7 33. Qxd8 Kg6 34.
Qxf6+ Qxf6 35. Bxf6 Kxf6 36. Kg3 Kg5 37. h4+ Kf6 38. Kf4 a5 39. f3 h6 40. fxe4 1-0

[Event "SPICE Cup Open 2016"]
[Site "Saint Louis USA"]
[Date "2016.10.18"]
[Round "3.12"]
[White "Swindell, Shawn"]
[Black "Rosen, Eric S"]
[Result "0-1"]
[BlackTitle "IM"]
[WhiteElo "2034"]
[BlackElo "2382"]
[WhiteFideId "2064588"]
[BlackFideId "2032562"]
[EventDate "2016.10.17"]
[EventType "swiss"]

1. d4 d5 2. c4 e6 3. Nc3 Nf6 4. Nf3 Be7 5. Bg5 O-O 6. e3 a6 7. Ne5 Nbd7 8. f4 c5
9. cxd5 Nxd5 10. Bxe7 Qxe7 11. Qf3 cxd4 12. exd4 Nxe5 13. dxe5 Qb4 14. O-O-O
Qxf4+ 15. Qxf4 Nxf4 0-1

[Event "SPICE Cup Open 2016"]
[Site "Saint Louis USA"]
[Date "2016.10.18"]
[Round "3.13"]
[White "Mercado, Luisa Fernanda"]
[Black "Banawa, Joel Cholo B."]
[Result "0-1"]
[WhiteTitle "WFM"]
[BlackTitle "FM"]
[WhiteElo "1939"]
[BlackElo "2363"]
[WhiteFideId "4400984"]
[BlackFideId "2024055"]
[EventDate "2016.10.17"]
[EventType "swiss"]

1. e4 c5 2. Nc3 e6 3. f4 a6 4. g3 b5 5. Bg2 Bb7 6. Nh3 b4 7. Na4 Nf6 8. Nf2 d5
9. exd5 Bxd5 10. O-O Nc6 11. Bxd5 Nxd5 12. b3 Be7 13. Bb2 O-O 14. Ne4 Nf6 15.
Nexc5 Qc7 16. Nd3 Qa7+ 17. Kg2 Rac8 18. Rc1 Nd4 19. Bxd4 Qxd4 20. Nab2 Rfd8 21.
Nc4 Ne4 22. Qe2 Rc7 23. Rfe1 Nd6 24. Nde5 Nb5 25. Qe4 Qc5 26. Nf3 Bf6 27. Re2 a5
28. Qe3 Bd4 29. Nxd4 Nxd4 30. Ree1 a4 31. c3 Qd5+ 32. Kf2 Nf5 33. Qf3 Qb5 34.
Re5 Qb8 35. Rb1 bxc3 36. Qxc3 Rcd7 37. Qa5 axb3 38. Rxb3 Qa8 39. Qxa8 Rxa8 40.
a3 h5 41. Rc5 g6 42. Rb2 Raa7 43. Ke2 Rd8 44. Ra5 Rc7 45. d3 Nd4+ 46. Ke3 Kg7
47. Ra6 Nf5+ 48. Ke2 h4 49. g4 Ne7 50. Ne5 Nd5 51. Kf3 Nc3 52. g5 Nd5 53. Rb3
Ne7 54. Kg4 h3 55. Kxh3 Rh8+ 56. Kg3 Nf5+ 57. Kg2 Rc2+ 58. Kg1 Rhxh2 59. Nf3
Rcg2+ 60. Kf1 Ne3+ 61. Ke1 0-1

[Event "SPICE Cup Open 2016"]
[Site "Saint Louis USA"]
[Date "2016.10.18"]
[Round "3.14"]
[White "Kiewra, Keaton F"]
[Black "Rahul, Srivatshav P"]
[Result "0-1"]
[WhiteTitle "IM"]
[WhiteElo "2454"]
[BlackElo "2277"]
[WhiteFideId "2019280"]
[BlackFideId "25059653"]
[EventDate "2016.10.17"]
[EventType "swiss"]

1. d4 Nf6 2. Bg5 Ne4 3. Bf4 c5 4. f3 Qa5+ 5. c3 Nf6 6. d5 Qb6 7. Bc1 e6 8. e4
exd5 9. exd5 Bd6 10. c4 O-O 11. Bd3 Na6 12. Nc3 Be5 13. Nge2 Re8 14. O-O d6 15.
Kh1 Qd8 16. Bg5 h6 17. Bh4 g5 18. Bf2 Nh5 19. a3 f5 20. g3 Bg7 21. Bc2 Nb8 22.
Qd3 Nf6 23. Rae1 Nbd7 24. f4 g4 25. Qd1 Nb6 26. b3 Ne4 27. Nxe4 fxe4 28. f5 Qg5
29. Nf4 Bxf5 30. Be3 Nd7 31. Ne6 Qg6 32. Nc7 Ne5 33. b4 b6 34. bxc5 bxc5 35. Qe2
Nf3 36. Rb1 Be5 37. Nxa8 Rxa8 38. Qg2 Re8 39. Rb7 h5 40. Rfb1 h4 41. Bf4 h3 42.
Qf1 Bxf4 43. gxf4 e3 44. Bxf5 Qxf5 45. Rb8 Rxb8 46. Rxb8+ Kf7 47. Rb7+ Kg6 48.
Re7 Qc2 0-1

[Event "SPICE Cup Open 2016"]
[Site "Saint Louis USA"]
[Date "2016.10.18"]
[Round "3.15"]
[White "Sharevich, Anna"]
[Black "Sukandar, Irine Kharisma"]
[Result "1/2-1/2"]
[WhiteTitle "WGM"]
[BlackTitle "IM"]
[WhiteElo "2268"]
[BlackElo "2432"]
[WhiteFideId "13503189"]
[BlackFideId "7101937"]
[EventDate "2016.10.17"]
[EventType "swiss"]

1. d4 Nf6 2. c4 e6 3. g3 d5 4. Bg2 dxc4 5. Qa4+ Nbd7 6. Nf3 c5 7. O-O a6 8. Qxc4
b5 9. Qc2 Bb7 10. Nc3 Rc8 11. dxc5 Bxc5 12. Qd3 O-O 13. a3 Qe7 14. Be3 Rfd8 15.
Bxc5 Qxc5 16. Rad1 Qb6 17. Qd4 Qxd4 18. Rxd4 Nb6 19. Rxd8+ Rxd8 20. Ne5 Bxg2 21.
Kxg2 Nfd5 22. Nxd5 Rxd5 23. Nd3 Nc4 24. b3 Nd2 25. Rc1 g6 26. Rc8+ Kg7 27. b4
Nc4 28. a4 Nb6 29. Rc6 Nxa4 30. Rxa6 e5 31. f3 Nc3 32. Kf2 e4 33. fxe4 Nxe4+ 34.
Ke3 Nd6 35. Nf4 Nc4+ 36. Kf2 Rf5 37. Ke1 Ne3 38. Rc6 g5 39. Nh5+ Kf8 40. Rc5
Rf1+ 41. Kd2 Nc4+ 42. Kd3 Rd1+ 43. Ke4 h6 44. Nf6 Kg7 45. Ne8+ Kf8 46. Nf6 Rd2
47. Kf3 Rd1 48. Ke4 Nd6+ 49. Ke5 Kg7 50. Nh5+ Kf8 51. Nf6 Rd2 52. Nd5 Nc4+ 53.
Kf6 Nd6 54. Ke5 Nc4+ 55. Kf6 Nd6 1/2-1/2

[Event "SPICE Cup Open 2016"]
[Site "Saint Louis USA"]
[Date "2016.10.18"]
[Round "3.16"]
[White "Duran Vega, Sergio"]
[Black "Niemann, Hans M"]
[Result "0-1"]
[WhiteTitle "FM"]
[BlackTitle "FM"]
[WhiteElo "2383"]
[BlackElo "2288"]
[WhiteFideId "6501311"]
[BlackFideId "2093596"]
[EventDate "2016.10.17"]
[EventType "swiss"]

1. d4 Nf6 2. c4 c5 3. d5 e6 4. Nc3 exd5 5. cxd5 d6 6. e4 g6 7. Nge2 Bg7 8. Ng3
O-O 9. Be2 a6 10. a4 h5 11. Bg5 Qb6 12. Qc2 Nh7 13. Be3 h4 14. Nf1 f5 15. f3
fxe4 16. fxe4 Nd7 17. Nd2 Ne5 18. h3 Qd8 19. Nc4 Nxc4 20. Bxc4 Be5 21. Rf1 Bd7
22. Rxf8+ Qxf8 23. a5 Re8 24. O-O-O Qe7 25. Bd3 Qd8 26. Rf1 Qxa5 27. Bf4 Qd8 28.
Bxe5 Rxe5 29. Qf2 Qe7 30. Ne2 Bb5 31. Bxb5 axb5 32. Nf4 Nf8 33. g3 Rxe4 34. gxh4
Rc4+ 35. Kd2 Qf6 36. Nd3 Qxf2+ 37. Rxf2 Rd4 38. Kc3 b4+ 39. Kc2 Rxd5 0-1

[Event "SPICE Cup Open 2016"]
[Site "Saint Louis USA"]
[Date "2016.10.18"]
[Round "3.17"]
[White "Santarius, Erik F"]
[Black "Cervantes Landeiro, Thalia"]
[Result "1-0"]
[BlackTitle "WCM"]
[WhiteElo "2289"]
[BlackElo "1910"]
[WhiteFideId "2025817"]
[BlackFideId "3520498"]
[EventDate "2016.10.17"]
[EventType "swiss"]

1. e4 e5 2. Nf3 Nc6 3. Bc4 Bc5 4. c3 Nf6 5. d3 O-O 6. O-O d6 7. b4 Bb6 8. Nbd2
Ne7 9. Bb3 Ng6 10. Nc4 Be6 11. h3 Bxc4 12. Bxc4 c6 13. Bb3 a5 14. Bd2 d5 15.
exd5 cxd5 16. bxa5 Bxa5 17. d4 e4 18. Nh2 Qd6 19. Ng4 Nxg4 20. Qxg4 f5 21. Qe2
Bc7 22. g3 Rae8 23. Qb5 Rd8 24. c4 e3 25. Bxe3 f4 26. Qxd5+ Qxd5 27. cxd5 Bb6
28. gxf4 Nxf4 29. d6+ Kh8 30. d5 Rxd6 31. Bxf4 Rxf4 32. Rae1 Rd8 33. Kg2 Rf5 34.
Re7 Rg5+ 35. Kh2 Bc5 36. Rxb7 Bd6+ 37. Kh1 Rf8 38. Rd7 Be5 39. Bd1 g6 40. Bg4 h5
41. Be6 Bd4 42. Rb1 Bg7 43. Rf1 Bd4 44. f4 Rg3 45. Rb1 Ra8 46. d6 Re3 47. Bd5
Rc8 48. Rc7 Rf8 49. Rbb7 Re1+ 50. Kg2 Re2+ 51. Kf1 Rf2+ 52. Ke1 Re8+ 53. Re7 1-0

[Event "SPICE Cup Open 2016"]
[Site "Saint Louis USA"]
[Date "2016.10.18"]
[Round "3.18"]
[White "Williams, Justus D"]
[Black "Gosdin, Kaleb Ryder"]
[Result "1-0"]
[WhiteTitle "FM"]
[WhiteElo "2313"]
[BlackElo "1953"]
[WhiteFideId "2049929"]
[BlackFideId "30920442"]
[EventDate "2016.10.17"]
[EventType "swiss"]

1. Nf3 Nf6 2. c4 d6 3. g3 e5 4. Bg2 Be7 5. O-O O-O 6. d4 Nbd7 7. Nc3 c6 8. e4 a6
9. h3 Qc7 10. Bg5 Re8 11. Rc1 Qb8 12. Re1 h6 13. Be3 b5 14. Nd2 b4 15. Ne2 c5
16. d5 Nf8 17. f4 Ng6 18. f5 Nf8 19. Bf3 Qc7 20. Nf1 N6h7 21. h4 Bf6 22. Nh2 Nd7
23. Kg2 Qa5 24. Qd3 Kf8 25. Ng4 Bd8 26. Nf2 Bf6 27. Rh1 Ke7 28. Ng4 Kd8 29. Nxf6
Ndxf6 30. g4 Qc7 31. g5 Ng8 32. Qd2 hxg5 33. hxg5 Nf8 34. Ng3 Qe7 35. Rh8 Nd7
36. f6 gxf6 37. Nf5 Qf8 38. gxf6 Ndxf6 39. Bh6 Nxe4 40. Bxe4 Bxf5 41. Bxf8 Bxe4+
42. Kf2 Rxf8 43. Qg5+ f6 1-0

[Event "SPICE Cup Open 2016"]
[Site "Saint Louis USA"]
[Date "2016.10.19"]
[Round "4.2"]
[White "Li, Ruifeng"]
[Black "Xiong, Jeffery"]
[Result "1/2-1/2"]
[WhiteTitle "IM"]
[BlackTitle "GM"]
[WhiteElo "2538"]
[BlackElo "2647"]
[WhiteFideId "2061074"]
[BlackFideId "2047640"]
[EventDate "2016.10.17"]
[EventType "swiss"]

1. e4 c5 2. Nc3 d6 3. Nge2 Nf6 4. g3 g6 5. Bg2 Bg7 6. O-O Nc6 7. d3 O-O 8. h3
Bd7 9. Be3 b5 10. a3 Rb8 11. Qd2 a5 12. Bh6 Bxh6 13. Qxh6 Nd4 14. Nxd4 cxd4 15.
Ne2 Qb6 16. Qd2 b4 17. axb4 Qxb4 18. Qxb4 Rxb4 19. Rxa5 Rxb2 20. Nxd4 e5 21. Nf3
Rxc2 22. d4 exd4 23. Nxd4 Rc4 24. Rd1 Re8 25. f3 Kg7 26. Rd2 Rec8 27. Ra6 Ne8
28. Kf2 Kf8 29. h4 Ke7 30. Ra7 R8c7 31. Ra3 Ng7 32. Rad3 Rc3 33. Rxc3 Rxc3 34.
Ne2 Rc5 35. Nf4 Bc6 36. Bh3 Ne6 37. Bxe6 fxe6 38. Ra2 Rb5 39. Ra7+ Rb7 40. Rxb7+
Bxb7 1/2-1/2

[Event "SPICE Cup Open 2016"]
[Site "Saint Louis USA"]
[Date "2016.10.19"]
[Round "4.3"]
[White "Shimanov, Aleksandr"]
[Black "Chandra, Akshat"]
[Result "1/2-1/2"]
[WhiteTitle "GM"]
[BlackTitle "IM"]
[WhiteElo "2639"]
[BlackElo "2490"]
[WhiteFideId "4198603"]
[BlackFideId "25006711"]
[EventDate "2016.10.17"]
[EventType "swiss"]

1. e4 e6 2. d3 d5 3. Nd2 c5 4. g3 Bd6 5. Qg4 g6 6. Qe2 Nc6 7. Nb3 d4 8. f4 e5 9.
Bg2 Nge7 10. Nf3 Qc7 11. O-O exf4 12. gxf4 Bxf4 13. Bxf4 Qxf4 14. Nxc5 Qd6 15.
Nb3 Bg4 16. Qd2 Bxf3 17. Rxf3 Ne5 18. Rf4 g5 19. Rff1 h6 20. Rac1 N7c6 21. Qf2
O-O 22. Qf6 Rad8 23. Qxd6 Rxd6 24. Bf3 a5 25. a3 b6 26. Bh5 Rc8 27. Nd2 f6 28.
Rce1 Ne7 29. Bd1 b5 30. Rf2 a4 31. Nf1 1/2-1/2

[Event "SPICE Cup Open 2016"]
[Site "Saint Louis USA"]
[Date "2016.10.19"]
[Round "4.4"]
[White "Nyzhnyk, Illya"]
[Black "Robson, Ray"]
[Result "1/2-1/2"]
[WhiteTitle "GM"]
[BlackTitle "GM"]
[WhiteElo "2607"]
[BlackElo "2670"]
[WhiteFideId "14118084"]
[BlackFideId "2023970"]
[EventDate "2016.10.17"]
[EventType "swiss"]

1. d4 Nf6 2. Nf3 g6 3. Bf4 Bg7 4. e3 O-O 5. h3 b6 6. Be2 Bb7 7. O-O e6 8. Bh2 d6
9. a4 a6 10. Nbd2 Qe7 11. a5 b5 12. c4 bxc4 13. Nxc4 Nbd7 14. Rc1 Ne4 15. Qa4 f5
16. Rc2 g5 17. Ne1 f4 1/2-1/2

[Event "SPICE Cup Open 2016"]
[Site "Saint Louis USA"]
[Date "2016.10.19"]
[Round "4.5"]
[White "Durarbayli, Vasif"]
[Black "Ashwin, Jayaram"]
[Result "1-0"]
[WhiteTitle "GM"]
[BlackTitle "GM"]
[WhiteElo "2608"]
[BlackElo "2468"]
[WhiteFideId "13402935"]
[BlackFideId "5018137"]
[EventDate "2016.10.17"]
[EventType "swiss"]

1. e4 c6 2. d4 d5 3. exd5 cxd5 4. c4 Nf6 5. Nc3 e6 6. Nf3 Be7 7. cxd5 Nxd5 8.
Bd3 O-O 9. O-O Nc6 10. Re1 Ncb4 11. Bb1 Nf6 12. Ne5 Bd7 13. a3 Nbd5 14. Nxd5
Nxd5 15. Qd3 g6 16. Bh6 Re8 17. Qf3 Bf6 18. Bg5 Bc6 19. h4 Rf8 20. Qg4 Qd6 21.
Bh6 Bg7 22. Bxg7 Kxg7 23. Ba2 Nf6 24. Qf4 Nh5 25. Qe3 Bd5 26. Bxd5 Qxd5 27. Rac1
Rac8 28. Ng4 Qf5 29. Qh6+ Kh8 30. Ne5 Kg8 31. Rc5 Qf4 32. Qxf4 Nxf4 33. g3 Nd5
34. Rec1 Rcd8 35. Kf1 f6 36. Nf3 Rd7 37. Ke2 Kf7 38. Kd3 Rfd8 39. Rc8 Nb6 40.
Rxd8 Rxd8 41. Rc5 h6 42. Ra5 a6 43. Rc5 Rd7 44. Ke4 Na4 45. Rc2 Ke7 46. Ne1 g5
47. hxg5 hxg5 48. Nd3 Nb6 49. Nc5 Rc7 50. Kd3 Nd7 51. b4 Nxc5+ 52. bxc5 Rd7 53.
Kc4 Kd8 54. Rb2 Kc7 55. Rb6 Re7 56. a4 f5 57. a5 Re8 58. c6 bxc6 59. Kc5 f4 60.
Rxa6 Rf8 61. g4 Rd8 62. Rxc6+ Kb7 63. Rb6+ Kc7 64. Rxe6 Rb8 65. Re7+ Kd8 66. Rg7
Rb2 67. a6 1-0

[Event "SPICE Cup Open 2016"]
[Site "Saint Louis USA"]
[Date "2016.10.19"]
[Round "4.6"]
[White "Sevian, Samuel"]
[Black "Brown, Michael William"]
[Result "1/2-1/2"]
[WhiteTitle "GM"]
[BlackTitle "IM"]
[WhiteElo "2591"]
[BlackElo "2431"]
[WhiteFideId "2040506"]
[BlackFideId "2037602"]
[EventDate "2016.10.17"]
[EventType "swiss"]

1. e4 e5 2. Nf3 Nc6 3. Bb5 a6 4. Ba4 Nf6 5. O-O Be7 6. Re1 b5 7. Bb3 d6 8. c3
O-O 9. h3 Nb8 10. d4 Nbd7 11. Nbd2 Bb7 12. Bc2 Re8 13. b3 Bf8 14. d5 c6 15. c4
cxd5 16. cxd5 Qc7 17. Nf1 Rec8 18. Ne3 Nc5 19. Nf5 Na4 20. Bd3 Nc5 21. Bg5 Nxd3
22. Qxd3 Nd7 23. Rac1 Nc5 24. Qe2 Qd7 25. Ng3 a5 26. Be3 Na6 27. a3 f6 28. Nd2
Nc5 29. b4 axb4 30. axb4 Na6 31. Rxc8 Rxc8 32. Rb1 g6 33. Qd3 Rb8 34. Ne2 f5 35.
f3 Bc8 36. Qb3 Qb7 37. Rc1 f4 38. Bf2 Bd7 39. Qa3 Be7 40. Nb3 Bd8 41. Ra1 Ra8
42. Kf1 Be8 43. Qa2 Bb6 44. Nc5 dxc5 45. bxc5 Bd8 46. c6 Qf7 47. Qb2 Qe7 48. Nc3
Nc7 49. Rxa8 Nxa8 50. Qa2 Nb6 51. Qa6 Qb4 52. Bxb6 Qxc3 53. Bxd8 Qc1+ 54. Kf2
Qe3+ 55. Kf1 Qc1+ 56. Ke2 Qc2+ 57. Kf1 Qc1+ 1/2-1/2

[Event "SPICE Cup Open 2016"]
[Site "Saint Louis USA"]
[Date "2016.10.19"]
[Round "4.7"]
[White "Rosen, Eric S"]
[Black "Kannappan Priyadharshan"]
[Result "1/2-1/2"]
[WhiteTitle "IM"]
[BlackTitle "IM"]
[WhiteElo "2382"]
[BlackElo "2525"]
[WhiteFideId "2032562"]
[BlackFideId "5018293"]
[EventDate "2016.10.17"]
[EventType "swiss"]

1. d4 d5 2. Bf4 Nf6 3. e3 e6 4. Nf3 c5 5. c3 Nc6 6. Nbd2 Be7 7. dxc5 Bxc5 8. Bd3
Bd6 9. Qa4 O-O 10. Bxd6 Qxd6 11. Rd1 Ne5 12. Nxe5 Qxe5 13. O-O Bd7 14. Qh4 Qh5
15. Qxh5 Nxh5 16. g4 Nf6 17. g5 Ne8 18. f4 Nd6 19. e4 Ba4 20. Rde1 dxe4 21. Nxe4
Rad8 22. b3 Bc6 23. Nxd6 Rxd6 24. Rd1 Rfd8 25. Be2 f6 26. Rxd6 Rxd6 1/2-1/2

[Event "SPICE Cup Open 2016"]
[Site "Saint Louis USA"]
[Date "2016.10.19"]
[Round "4.8"]
[White "Leon Hoyos, Manuel"]
[Black "Kaliksteyn, Alexander"]
[Result "1-0"]
[WhiteTitle "GM"]
[BlackTitle "FM"]
[WhiteElo "2488"]
[BlackElo "2412"]
[WhiteFideId "5105269"]
[BlackFideId "2007630"]
[EventDate "2016.10.17"]
[EventType "swiss"]

1. c4 g6 2. Nc3 Bg7 3. d4 Nf6 4. e4 d6 5. f3 O-O 6. Nge2 c5 7. Be3 Nc6 8. d5 Ne5
9. Ng3 e6 10. Be2 exd5 11. cxd5 a6 12. a4 h5 13. O-O Nh7 14. h3 h4 15. Nh1 f5
16. f4 Nf7 17. Bd3 Re8 18. exf5 Bxf5 19. Bxf5 gxf5 20. Bf2 b5 21. axb5 axb5 22.
Rxa8 Qxa8 23. Bxh4 b4 24. Na4 c4 25. Ng3 Qa7+ 26. Kh1 Nh6 27. Bg5 Nxg5 28. fxg5
Be5 29. Qh5 Qxa4 30. Qg6+ Kf8 31. gxh6 Ke7 32. Nxf5+ Kd7 33. Ng7 Re7 34. Qg4+
Kc7 35. Qxc4+ 1-0

[Event "SPICE Cup Open 2016"]
[Site "Saint Louis USA"]
[Date "2016.10.19"]
[Round "4.9"]
[White "Banawa, Joel Cholo B."]
[Black "Gurevich, Daniel"]
[Result "1/2-1/2"]
[WhiteTitle "FM"]
[BlackTitle "IM"]
[WhiteElo "2363"]
[BlackElo "2488"]
[WhiteFideId "2024055"]
[BlackFideId "2044676"]
[EventDate "2016.10.17"]
[EventType "swiss"]

1. Nf3 Nf6 2. d4 e6 3. e3 c5 4. Bd3 Be7 5. O-O O-O 6. Nbd2 b6 7. c3 Bb7 8. Qe2
Nc6 9. a3 d5 10. b4 Bd6 11. dxc5 bxc5 12. e4 Ne5 13. Nxe5 Bxe5 14. Bb2 dxe4 15.
Nxe4 Nxe4 16. Bxe4 Bxh2+ 17. Kxh2 Qh4+ 18. Kg1 Qxe4 19. Qxe4 Bxe4 20. Rfe1 Bb7
21. c4 Rfd8 22. Red1 cxb4 23. axb4 a6 24. Bd4 Kf8 25. Bb6 Rxd1+ 26. Rxd1 Ke8 27.
f4 Rc8 28. Rd4 h6 29. Kf2 g5 30. g3 gxf4 31. Rxf4 Kf8 32. Rh4 Kg7 33. Be3 h5 34.
Rd4 Ba8 35. Bg5 f6 36. Bh4 Kg6 37. Ke3 Bg2 38. g4 hxg4 39. Rxg4+ Kh5 40. Rxg2
Kxh4 41. Rg6 f5 42. Rxe6 Rxc4 43. Rxa6 Rxb4 44. Kf3 Kg5 45. Ra3 Rh4 46. Kg3 f4+
47. Kg2 Kg4 48. Ra8 f3+ 49. Kg1 Kg3 50. Rg8+ Rg4 1/2-1/2

[Event "SPICE Cup Open 2016"]
[Site "Saint Louis USA"]
[Date "2016.10.19"]
[Round "4.10"]
[White "Niemann, Hans M"]
[Black "Liang, Awonder"]
[Result "0-1"]
[WhiteTitle "FM"]
[BlackTitle "IM"]
[WhiteElo "2288"]
[BlackElo "2478"]
[WhiteFideId "2093596"]
[BlackFideId "2056437"]
[EventDate "2016.10.17"]
[EventType "swiss"]

1. d4 Nf6 2. c4 b6 3. f3 Nc6 4. Nc3 e5 5. d5 Ne7 6. e4 Ng6 7. Be3 Bc5 8. Bxc5
bxc5 9. g3 d6 10. Qd2 Rb8 11. Nge2 Bd7 12. Nc1 h5 13. h4 O-O 14. Nd3 Nh7 15.
O-O-O f5 16. Be2 f4 17. gxf4 Nxf4 18. Nxf4 Rxf4 19. Qe1 Qf6 20. Qg3 a6 21. Rdg1
Kh8 22. Nd1 Qh6 23. Kc2 Rf7 24. Qg6 Qxg6 25. Rxg6 Rg8 26. Nf2 Rf6 27. Rg3 Be8
28. Nh3 Nf8 29. Rg5 Nh7 30. Rg3 Bd7 31. Ng5 Rf4 32. Nh3 Bxh3 33. Rhxh3 Nf6 34.
Kd3 Kh7 35. Rg2 Kh6 36. Ke3 Nh7 37. Bd1 Nf8 38. Ba4 Ng6 39. Rgh2 Rd8 40. Bc6 Rf6
41. Rg3 Nf4 42. Rg5 Rdf8 43. Bd7 Rg6 44. Rxg6+ Nxg6 45. Bf5 Ne7 46. Be6 Rf4 47.
Kf2 Ng6 48. Kg3 a5 49. Bf5 Ne7 50. Bd7 Rf8 51. b3 Ng6 52. Kf2 Nf4 53. Ke3 Rd8
54. Bc6 Kg6 55. Rh1 Kh6 56. Rh2 g5 57. hxg5+ Kxg5 58. Rh1 Kh6 59. Rg1 Kh7 60.
Rg5 Rg8 61. Rxg8 Kxg8 62. Kf2 Kg7 63. Kg3 Kh6 64. a3 Kg5 65. Bd7 h4+ 66. Kf2 h3
67. Kg3 Ne2+ 68. Kxh3 Kf4 69. Kg2 Nd4 70. Kf2 Nxf3 71. Bf5 Nd2 72. Ke2 Nxe4 73.
Bh7 Ng3+ 74. Kd2 e4 75. b4 axb4 0-1

[Event "SPICE Cup Open 2016"]
[Site "Saint Louis USA"]
[Date "2016.10.19"]
[Round "4.11"]
[White "Neimer, Vitaly"]
[Black "Grabinsky, Aaron"]
[Result "1-0"]
[WhiteTitle "IM"]
[WhiteElo "2346"]
[BlackElo "2330"]
[WhiteFideId "2807017"]
[BlackFideId "2087090"]
[EventDate "2016.10.17"]
[EventType "swiss"]

1. Nf3 Nf6 2. c4 c5 3. Nc3 e6 4. g3 b6 5. Bg2 Bb7 6. O-O Be7 7. d4 d6 8. d5 exd5
9. cxd5 Na6 10. e4 Nc7 11. Nh4 g6 12. Bh6 Bf8 13. Bxf8 Kxf8 14. f4 b5 15. Qd2 b4
16. Nd1 Kg7 17. Ne3 Re8 18. Rae1 Ba6 19. Rf2 Nb5 20. e5 Nd7 21. Nc4 Nb6 22. Nxb6
axb6 23. f5 Rxe5 24. Rxe5 dxe5 25. d6 Rb8 26. f6+ Kg8 27. Bd5 Qf8 28. Nf3 Nxd6
29. Nxe5 Bb5 30. h4 Rd8 31. Qf4 Bd7 32. h5 Bf5 33. g4 Bb1 34. hxg6 Bxg6 35. Nxg6
hxg6 36. Qg5 1-0

[Event "SPICE Cup Open 2016"]
[Site "Saint Louis USA"]
[Date "2016.10.19"]
[Round "4.12"]
[White "Rahul, Srivatshav P"]
[Black "Colas, Joshua"]
[Result "1/2-1/2"]
[BlackTitle "FM"]
[WhiteElo "2277"]
[BlackElo "2335"]
[WhiteFideId "25059653"]
[BlackFideId "2044447"]
[EventDate "2016.10.17"]
[EventType "swiss"]

1. d4 Nf6 2. Bf4 g6 3. e3 Bg7 4. Nf3 O-O 5. Be2 d6 6. O-O Nbd7 7. h3 c5 8. c3 b6
9. a4 a6 10. Nbd2 Bb7 11. Bh2 Re8 12. Bd3 e5 13. dxe5 Nxe5 14. Nxe5 dxe5 15. Qe2
Qd7 16. Rfd1 Qc6 17. e4 Nh5 18. Bc4 Qc7 19. Bd5 Rad8 20. Bxb7 Qxb7 21. Nc4 Qc7
22. Ne3 Qb7 23. Nc4 Qc7 24. Ne3 Qb7 25. f3 b5 26. axb5 axb5 27. Ra5 c4 28. Rda1
Nf4 29. Bxf4 exf4 30. Ng4 h5 31. Nf2 Rd7 32. Rd1 Rxd1+ 33. Qxd1 Qb6 34. Ra1 Rd8
35. Qe2 Bf8 36. Kf1 Bc5 37. Rd1 Rxd1+ 38. Nxd1 Qd8 39. Nf2 Qa5 40. Nd1 Ba7 41.
Qd2 Qb6 42. Nf2 Qc5 43. Qe2 b4 44. cxb4 Qxb4 45. Nd1 Qb5 46. Ke1 Bd4 47. Qd2 Be5
48. Nc3 Qc5 49. Kd1 Kg7 50. Kc2 Qg1 51. Nd1 Bd4 52. Kb1 Be3 53. Qe2 Kh6 54. Kc2
Kg5 55. Kc3 Kh4 56. Kxc4 Kg3 57. Nxe3 Qxe3 58. Qc2 Qf2 59. Qxf2+ Kxf2 60. b4
Kxg2 61. b5 Kxf3 62. b6 Kg2 63. b7 f3 64. b8=Q f2 65. Qb2 Kg1 66. Qd4 Kg2 67.
Qd2 Kf3 68. Qd1+ Kg2 69. Qe2 Kg1 70. Qe3 Kg2 71. Qd2 Kf3 72. Qc1 Kg2 73. Qb2 Kg1
74. Qd4 Kg2 75. Qd2 Kf3 76. Qd3+ Kg2 77. Qe2 Kg1 78. Qe3 Kg2 1/2-1/2